| 000 | 00791nam a22002657a 4500 | ||
|---|---|---|---|
| 001 | 3945 | ||
| 003 | FISKH | ||
| 005 | 20240529085344.0 | ||
| 008 | 240527b cb ||||| |||| 00| 0 eng d | ||
| 020 | _a9780439930642 | ||
| 040 |
_aFISK _beng _cFISK _dFISK |
||
| 050 | _aPZ7.S149 | ||
| 082 | _a973 | ||
| 100 | _aSaldana Jr Rene | ||
| 245 |
_aThe jumping tree / _cRene Saldana Jr |
||
| 260 |
_aNew York : _bScholastic, _c2001 |
||
| 300 |
_a181 pages : _c18 cm |
||
| 505 | _aM | ||
| 520 | _aRey, a Mexican American living with his close-knit family in a Texas town near the Mexican border, describes his transition from boy to young man. | ||
| 521 | 8 |
_a770
_bLexile |
|
| 521 | 8 |
_aM
_bRaz-Plus |
|
| 700 | _aRene Saldana Jr | ||
| 942 |
_2ddc _cBK _n0 |
||
| 999 |
_c3945 _d3945 |
||